• 首页
  • 本馆介绍
  • 公告通知
  • 最新文献
  • 馆藏检索
  • 电子资源
  • 读者导购
  • 参考咨询
  • 我的图书馆
  • 登录
  • 详细信息显示
  • 放入我的书架
  • 预约/预借图书
  • 作者相关作品
  • 分类相关作品
  • 丛书相关作品
  • 出版社相关作品

书目信息

  • 表格格式
  • 工作单格式
  • 卡片格式
题名:
中国传统建筑木作知识入门
    
 
作者: 汤崇平 编著
分册:  
出版信息: 北京   化学工业出版社  2020.7
页数: 264页
开本: 29cm
丛书名:
单 册:
中图分类: TU366.2
科图分类:
主题词: 木结构--建筑结构--中国
电子资源:
ISBN: 978-7-122-31745-2
000 01015nam0 2200241 45
001 012001002292
005 20140913161813.0
010    @a978-7-122-31745-2@dCNY98.00
100    @a20180713d2018 em y0chiy50 ea
101 0  @achi
102    @aCN@b110000
105    @aa z 000yy
106    @ar
200 1  @a中国传统建筑木作知识入门@Azhong guo chuan tong jian zhu mu zuo zhi shi ru men@b专著@e木装修、榫卯、木材@f汤崇平编著
210    @a北京@c化学工业出版社@d2020.7
215    @a264页@c彩图@d29cm
300    @a化学工业出版社出版基金资助出版
330    @a本书共分三章。第一章介绍中国传统木构建筑木装修的基础知识,包括木装修的发展与演变、功能与作用、技术要点、加工制作及安装等。第二章介绍中国传统木构建筑榫卯的基础知识,包括榫卯的起源、形成原理、种类及构造等。第三章介绍中国传统木构建筑用材的基础知识,包括木材的特性、分类、识别等。
606 0  @a木结构@x建筑结构@y中国
690    @aTU366.2@v5
701  0 @a汤崇平@Atang chong ping@4编著
801  0 @aCN@bBJSDL@c20211011
905    @b1339163-6@dTU366.2@e2019@f4
    
    中国传统建筑木作知识入门:木装修、榫卯、木材/汤崇平编著.-北京:化学工业出版社,2020.7
    264页:彩图;29cm
    化学工业出版社出版基金资助出版
    
    ISBN 978-7-122-31745-2:CNY98.00
    本书共分三章。第一章介绍中国传统木构建筑木装修的基础知识,包括木装修的发展与演变、功能与作用、技术要点、加工制作及安装等。第二章介绍中国传统木构建筑榫卯的基础知识,包括榫卯的起源、形成原理、种类及构造等。第三章介绍中国传统木构建筑用材的基础知识,包括木材的特性、分类、识别等。
●
相关链接 在E读中查询图书 在五车中查询图书 在当当中查询图书 在豆瓣中查询图书


正题名:中国传统建筑木作知识入门     索取号:TU366.2/2019         预约/预借

序号 登录号 条形码 馆藏地/架位号 状态 备注
1 1339163   213391630   第二样本阅览室/ [索取号:TU366.2/2019] 在馆    
2 1339164   213391649   第三借阅区/ [索取号:TU366.2/2019] 在馆    
3 1339165   213391658   第三借阅区/ [索取号:TU366.2/2019] 在馆    
4 1339166   213391667   第三借阅区/ [索取号:TU366.2/2019] 在馆    
唐山师范学院图书馆 欢迎您!
大连网信软件有限公司© 版权所有